000 00708nam a22002417a 4500
005 20260406103950.0
008 260406b |||||||| |||| 00| 0 eng d
020 _a978-93-88016-43-8
_cRs.250.00
040 _aLoreto College
041 _aEnglish
082 _a371.9
_bMIS
100 _aMishra,Premananda
245 _aInclusive education
_cPremananda Mishra,Farzana Shehla and Srinivas Reddy
260 _aHyderabad
_bNeelkamal Publications
_c2019
300 _axii,202p.;24cm.
504 _aIncludes bibligraphy and index.
650 _aEducation
650 _aInclusive education
700 _4Auth
_aShehla,Farzana
700 _4Auth
_aReddy,Srinivas
850 _aLCLIB
942 _cBK
999 _c44325
_d94804